Top 10 GameCube Games - Statistics

General Stats
  • This quiz has been taken 58 times
  • The average score is 3 of 10
Answer Stats
Year Game Score % Correct
2005 The Legend of Zelda: The Wind Waker 96
83%
2002 Metroid Prime 97
60%
2006 The Legend of Zelda: Twilight Princess 96
56%
2005 Resident Evil 4 96
46%
2002 Eternal Darkness: Sanity's Requiem 92
19%
2003 SoulCalibur II 93
17%
2003 Viewtiful Joe 93
10%
2003 The Legend of Zelda Collector's Edition 95
6%
2003 Madden NFL 2004 94
4%
2002 NFL 2K3 92
2%
No matching quizzes found
Score Distribution
Percent of People with Each Score
Percentile by Number Answered
Your Score History
You have not taken this quiz